Leonel en la hoguera del tiempo (Record no. 7663)
[ view plain ]
| 000 -LEADER | |
|---|---|
| campo de control de longitud fija | 00331nam a2200133Ia 4500 |
| 001 - NÚMERO DE CONTROL | |
| campo de control | 1998 |
| 008 - DATOS DE LONGITUD FIJA--INFORMACIÓN GENERAL | |
| campo de control de longitud fija | 241024s9999 xx 000 0 und d |
| 082 ## - NÚMERO DE LA CLASIFICACIÓN DECIMAL DEWEY | |
| Número de clasificación | RD/923.1/B533l |
| 100 ## - ENTRADA PRINCIPAL--NOMBRE DE PERSONA | |
| Nombre de persona | Robert Berroa |
| 245 #0 - MENCIÓN DEL TÍTULO | |
| Título | Leonel en la hoguera del tiempo |
| 260 ## - PUBLICACIÓN, DISTRIBUCIÓN, ETC. | |
| Nombre del editor, distribuidor, etc. | Gráfica William |
| Fecha de publicación, distribución, etc. | 2006 |
| 901 ## - ELEMENTOS DE DATOS A LOCAL LDA (RLIN) | |
| a | 4/11/2011 3:19:53 p.m. |
No items available.